Airplane! /

In this spoof of disaster movies, Ted Striker, an ex-Navy pilot, just got dumped by his long-time girlfriend Elaine Dickinson, who works as a stewardess. In his wish to get her back, he follows her aboard a plane, although he has had a deep aversion against anything winged since he lost several men...

Full description

Bibliographic Details
Corporate Author: Paramount Pictures Corporation
Other Authors: Abrahams, Jim, 1944-, Zucker, David, 1947-, Zucker, Jerry, Koch, Howard W., 1945-, Davison, Jon, 1949 July 21-, Hays, Robert, 1947-, Hagerty, Julie, Abdul-Jabbar, Kareem, 1947-, Bridges, Lloyd, Graves, Peter, 1926-2010, Nielsen, Leslie, 1926-2010, Patterson, Lorna, 1956-, Stack, Robert, 1919-2003, Stucker, Stephen
Format: Video Blu-ray Disc
Language:English
French
Spanish
Portuguese
Language Notes:English, French, Spanish, Portuguese language soundtracks with optional English, French, Spanish, Portuguese subtitles. English subtitles for the deaf and hard of hearing (SDH)
Published: Hollywood, Calif. : Paramount, [2011]
Subjects:

MARC

Tag First Indicator Second Indicator Subfields
LEADER 00000cgm a2200000Ia 4500
001 in00002786870
005 20151202172141.0
007 vd csaizu
008 120626s2011 cau087 g vleng d
020 |a 1415760640 
020 |a 9781415760642 
024 1 |a 097361423548 
035 |a (OCoLC)ocn796813147 
035 |a (OCoLC)796813147 
040 |a WIM  |c WIM  |d BTCTA  |d UtOrBLW 
041 1 |a eng  |a fre  |a spa  |a por  |j eng  |j fre  |j spa  |j por  |h eng 
049 |a TXAM 
090 |a PN1995.9.C55  |b A48 2011 
245 0 0 |a Airplane! /  |c Paramount Pictures presents a Howard W. Koch Production ; produced by Jon Davison ; written for the screen and directed by Jim Abrahams, David Zucker, Jerry Zucker. 
264 1 |a Hollywood, Calif. :  |b Paramount,  |c [2011] 
264 4 |c ©2011 
300 |a 1 videodisc (87 min.) :  |b sound, color ;  |c 4 3/4 in. 
336 |a two-dimensional moving image  |b tdi  |2 rdacontent 
337 |a video  |b v  |2 rdamedia 
338 |a videodisc  |b vd  |2 rdacarrier 
538 |a Blu-ray; 1080p High Definition, 5.1 DTS-HD master audio, mono Dolby digital, 
546 |a English, French, Spanish, Portuguese language soundtracks with optional English, French, Spanish, Portuguese subtitles. English subtitles for the deaf and hard of hearing (SDH) 
511 1 |a Robert Hays, Julie Hagerty, Kareem Abdul-Jabaar, Lloyd Bridges, Peter Graves, Leslie Nielsen, Lorna Patterson, Robert Stack, Stephen Stucker. 
508 |a Music, Elmer Bernstein ; film editor, Patrick Kennedy ; director of photography, Joseph Biroc ; executive producers, Jim Abrahams, David Zucker, Jerry Zucker. 
500 |a Originally released as a motion picture in 1980. 
521 8 |a MPAA rating: PG. Canadian rating: 14A. 
520 |a In this spoof of disaster movies, Ted Striker, an ex-Navy pilot, just got dumped by his long-time girlfriend Elaine Dickinson, who works as a stewardess. In his wish to get her back, he follows her aboard a plane, although he has had a deep aversion against anything winged since he lost several men in the war. During flight, he tries to make up with her again and again, but a crisis looms as the crew and many passengers get seriously ill due to a bad fish meal. Now, it is up to him to land the airplane safely, before the poisoning starts causing casualties. But Ted Striker's aversion to piloting is a serious psychosis, which breaks open and needs to be cured--right now. 
500 |a Special features: interactive menus, scene selection, theatrical trailer, group commentary with producer Jon Davison and writer/directors Jim Abrahams, Jerry Zucker, and David Zucker. Long haul version: includes deleted scenes, interviews and more ; trivia track ; theatrical trailer (HD) 
500 |a Videorecording. 
650 0 |a War neuroses  |x Patients  |v Drama. 
650 0 |a Flight attendants  |v Drama. 
650 0 |a Air pilots  |v Drama. 
655 7 |a Comedy films.  |2 lcgft 
655 7 |a Disaster films.  |2 lcgft 
655 7 |a Feature films.  |2 lcgft 
655 7 |a Fiction films.  |2 lcgft 
655 7 |a Video recordings for the hearing impaired.  |2 lcgft 
700 1 |a Abrahams, Jim,  |d 1944- 
700 1 |a Zucker, David,  |d 1947- 
700 1 |a Zucker, Jerry. 
700 1 |a Koch, Howard W.,  |d 1945- 
700 1 |a Davison, Jon,  |d 1949 July 21- 
700 1 |a Hays, Robert,  |d 1947- 
700 1 |a Hagerty, Julie. 
700 1 |a Abdul-Jabbar, Kareem,  |d 1947- 
700 1 |a Bridges, Lloyd. 
700 1 |a Graves, Peter,  |d 1926-2010. 
700 1 |a Nielsen, Leslie,  |d 1926-2010. 
700 1 |a Patterson, Lorna,  |d 1956- 
700 1 |a Stack, Robert,  |d 1919-2003. 
700 1 |a Stucker, Stephen. 
710 2 |a Paramount Pictures Corporation. 
994 |a C0  |b TXA 
948 |a cataloged  |b h  |c 2013/1/3  |d c  |e blrosas  |f 12:25:32 pm 
999 |a MARS 
999 f f |s 15a1da4a-2ff9-384c-89a1-7e1661df3881  |i db850639-8bf1-3a2a-81d9-071bfca061af  |t 0 
952 f f |p bluray  |a Texas A&M University  |b College Station  |c Sterling C. Evans Library  |s Evans Media and Reserves  |d Evans: Media and Reserves (Annex 1st floor)  |t 0  |e PN1995.9.C55 A48 2011  |h Library of Congress classification  |i video -- videodisc  |m A14841629349 
998 f f |a PN1995.9.C55 A48 2011  |t 0  |l Evans: Media and Reserves (Annex 1st floor)